Let Him Go (Record no. 358224)
[ view plain ]
| 000 -LEADER | |
|---|---|
| fixed length control field | 01758ngm a22004572a 4500 |
| 001 - CONTROL NUMBER | |
| control field | on1226087263 |
| 005 - DATE AND TIME OF LATEST TRANSACTION | |
| control field | 20241021182733.0 |
| 007 - PHYSICAL DESCRIPTION FIXED FIELD--GENERAL INFORMATION | |
| fixed length control field | vd cvaizs |
| 008 - FIXED-LENGTH DATA ELEMENTS--GENERAL INFORMATION | |
| fixed length control field | 210121s2020 xxu114 e vleng d |
| 020 ## - INTERNATIONAL STANDARD BOOK NUMBER | |
| Terms of availability | $29.99 |
| 020 ## - INTERNATIONAL STANDARD BOOK NUMBER | |
| International Standard Book Number | 13699303 |
| 024 1# - OTHER STANDARD IDENTIFIER | |
| Standard number or code | 191329136942 |
| 040 ## - CATALOGING SOURCE | |
| Description conventions | rda |
| 092 ## - LOCALLY ASSIGNED DEWEY CALL NUMBER (OCLC) | |
| Classification number | dvd |
| 999 ## - SYSTEM CONTROL NUMBERS (KOHA) | |
| Koha Dewey Subclass [OBSOLETE] | 03628964 |
| 245 00 - TITLE STATEMENT | |
| Title | Let Him Go |
| Medium | [dvd]. |
| 260 ## - PUBLICATION, DISTRIBUTION, ETC. (IMPRINT) | |
| Place of publication, distribution, etc | [United States] : |
| Name of publisher, distributor, etc | Universal, |
| Date of publication, distribution, etc | 2021. |
| 264 ## - Production, Publication, Distribution, Manufacture, and Copyright Notice. | |
| Place of production, publication, distribution, manufacture | [United States] : |
| Name of producer, publisher, distributor, manufacturer | Universal, |
| Date of production, publication, distribution, manufacture, or copyr | 2021. |
| 300 ## - PHYSICAL DESCRIPTION | |
| Extent | 1 videodisc (ca. 114 min.) : |
| Other physical details | sd., col. ; |
| Dimensions | 4 3/4 in. |
| 508 ## - CREATION/PRODUCTION CREDITS NOTE | |
| Creation/production credits note | Director, Thomas Bezucha. |
| 511 1# - PARTICIPANT OR PERFORMER NOTE | |
| Participant or performer note | Diane Lane, Kevin Costner, Lesley Manville, Kayli Carter, Booboo Stewart, Jeffrey Donovan, Will Brittain, Bryan Bruce. |
| 520 ## - SUMMARY, ETC. | |
| Summary, etc | Following the loss of their son, retired sheriff George Blackledge and his wife Margaret leave their Montana ranch to rescue their young grandson. When they discover that he is in the clutches of a dangerous family living off the grid in the Dakotas, George and Margaret must fight for the survival of their family. |
| 650 #4 - SUBJECT ADDED ENTRY--TOPICAL TERM | |
| Topical term or geographic name as entry element | Crime. |
| 9 (RLIN) | 6402557 |
| 650 #4 - SUBJECT ADDED ENTRY--TOPICAL TERM | |
| Topical term or geographic name as entry element | Drama. |
| 9 (RLIN) | 6402558 |
| 650 #0 - SUBJECT ADDED ENTRY--TOPICAL TERM | |
| Topical term or geographic name as entry element | Feature films |
| 9 (RLIN) | 6402559 |
| 655 #4 - INDEX TERM--GENRE/FORM | |
| Genre/form data or focus term | Drama. |
| 9 (RLIN) | 6402560 |
| 700 1# - ADDED ENTRY--PERSONAL NAME | |
| Personal name | Watson, Larry |
| 9 (RLIN) | 5994990 |
| 700 1# - ADDED ENTRY--PERSONAL NAME | |
| Personal name | Lane, Diane |
| 9 (RLIN) | 23762 |
| 700 1# - ADDED ENTRY--PERSONAL NAME | |
| Personal name | Costner, Kevin |
| 9 (RLIN) | 26001 |
| 700 1# - ADDED ENTRY--PERSONAL NAME | |
| Personal name | Manville, Lesley |
| 9 (RLIN) | 58927 |
| 700 1# - ADDED ENTRY--PERSONAL NAME | |
| Personal name | Carter, Kayli, |
| 9 (RLIN) | 6402561 |
| 700 1# - ADDED ENTRY--PERSONAL NAME | |
| Personal name | Stewart, Boo Boo |
| 9 (RLIN) | 6007341 |
| 700 1# - ADDED ENTRY--PERSONAL NAME | |
| Personal name | Donovan, Jeffrey |
| 9 (RLIN) | 51889 |
| 700 1# - ADDED ENTRY--PERSONAL NAME | |
| Personal name | Brittain, Will, |
| 9 (RLIN) | 6402562 |
| 700 1# - ADDED ENTRY--PERSONAL NAME | |
| Personal name | Bruce, Bryan |
| 9 (RLIN) | 6402563 |
| 856 7# - ELECTRONIC LOCATION AND ACCESS | |
| Materials specified | View cover art |
| Uniform Resource Identifier | <a href="http://midwesttapes.com/images/movies/000/000/000/013/699/000000000013699303.jpg">http://midwesttapes.com/images/movies/000/000/000/013/699/000000000013699303.jpg</a> |
| Access method | http |
| 942 ## - ADDED ENTRY ELEMENTS (KOHA) | |
| Source of classification or shelving scheme | Dewey Decimal Classification |
| Koha item type | DVD |
| Withdrawn status | Lost status | Source of classification or shelving scheme | Damaged status | Not for loan | Collection code | Home library | Current library | Shelving location | Date acquired | Source of acquisition | Total Checkouts | Total Renewals | Full call number | Barcode | Date last seen | Date checked out | Cost, replacement price | Price effective from | Koha item type |
|---|---|---|---|---|---|---|---|---|---|---|---|---|---|---|---|---|---|---|---|
| Dewey Decimal Classification | Movies | Wasatch County Library | Wasatch County Library | Audio Visual Area | 06/22/2021 | Amazon | 9 | 8 | DVD Let | 34301001817552 | 03/07/2024 | 11/27/2023 | 12.96 | 06/22/2021 | DVD |
